| 000 | 01363cam a2200397 a 4500 | ||
|---|---|---|---|
| 001 | 2339 | ||
| 003 | FISKH | ||
| 005 | 20231117114229.0 | ||
| 008 | 860501s1987 nyua j 000 1 eng | ||
| 010 | _a 86011526 | ||
| 020 | _a0803703430 (lib. bdg.) | ||
| 020 | _a0803703422 | ||
| 020 | _a0590642669 | ||
| 040 |
_aDLC _cDLC _dDLC _beng |
||
| 042 | _alcac | ||
| 050 | 0 | 0 | _aPZ7.T21723 |
| 082 | 0 | 0 |
_a[Fic] _219 |
| 100 | 1 | _aTaylor, Mildred D. | |
| 245 | 1 | 4 |
_aThe gold Cadillac / _cMildred D. Taylor ; pictures by Michael Hays. |
| 250 | _aFirst Scholastic printing, January 1999 | ||
| 260 |
_aNew York : _bScholastic, _c1987 |
||
| 300 |
_a43 pages : _billustrations ; _c20 cm |
||
| 505 | _aP | ||
| 520 | _aTwo black girls living in the North are proud of their family's beautiful new Cadillac until they take it on a visit to the South and encounter racial prejudice for the first time. | ||
| 521 | 8 |
_a650
_bLexile |
|
| 521 | 8 |
_aP
_bRaz-Plus |
|
| 650 | 1 |
_aAfrican Americans _vFiction. |
|
| 650 | 1 |
_aPrejudices _vFiction. |
|
| 650 | 1 |
_aRace relations _vFiction. |
|
| 651 | 1 |
_aSouthern States _xRace relations _vFiction. |
|
| 653 | 0 | _aImprints 20th century 1987 | |
| 655 | 7 |
_aJuvenile literature _y1987. _2rbgenr |
|
| 700 | 1 |
_aHays, Michael, _d1956- _eillustrator |
|
| 906 |
_a7 _bcbc _corignew _d1 _eocip _f19 _gy-gencatlg |
||
| 942 |
_2ddc _cBK _n0 |
||
| 999 |
_c2339 _d2339 |
||